Finanzdienstleistungen

Guardado en:
Detalles Bibliográficos
Autor principal: Bitz, Michael
Formato: Libro
Lenguaje:alemán
Publicado: München Oldenbourg 1993
Edición:1. Aufl.
Materias:
Etiquetas: Agregar Etiqueta
Sin Etiquetas, Sea el primero en etiquetar este registro!

MARC

LEADER 00000nam a2200000 4500
001 c010258
005 20221206075509.2
020 |a 3-486-22386-0 
041 0 |a ger 
044 |a DE 
245 1 0 |a Finanzdienstleistungen  |c Michael Bitz 
250 |a 1. Aufl. 
264 1 |a München  |b Oldenbourg  |c 1993 
300 |a 442 s. 
610 2 0 |a služby finančné 
610 2 0 |a banky 
610 2 0 |a poisťovne 
610 2 0 |a poistenie 
610 2 0 |a papiere cenné 
610 2 0 |a ponuka 
610 2 0 |a pôžičky 
610 2 0 |a úver 
610 2 0 |a faktoring 
610 2 0 |a modely 
610 2 0 |a riziko 
100 1 |a Bitz, Michael